000 00376nam a22001337a 4500
020 _a978-81-317-2846-8
082 _a530
_bTRI/P
100 _aTRISHNA KNOWLEDGE SYSTEMS
245 _aTRISHNA'S PHYSICS FOR CLASS IX
_bTHE IOIT FOUNDATION SERIES
260 _aDELHI
_bPEARSON PUBLICATION
_c2009
300 _a536
650 _aIIT FOUNDATION PHYSICS FOR CLASS IX
_zINDIA
942 _cBK
999 _c904
_d904